Loreto College Library, Kolkata
WEBOPAC (ONLINE PUBLIC ACCESS CATALOGUE)

Social change (Record no. 6140)

MARC details
000 -LEADER
fixed length control field 00679nam a2200229Ia 4500
005 - DATE AND TIME OF LATEST TRANSACTION
control field 20211220152539.0
008 - FIXED-LENGTH DATA ELEMENTS--GENERAL INFORMATION
fixed length control field 131103s9999 xx 000 0 und d
020 ## - ISBN | অাই এস বি এন
ISBN | অাই এস বি এন 8170969492
PRICE Rs. 65
040 ## - CATALOGING SOURCE
Original cataloging agency Loreto College
041 ## - LANGUAGE CODE
Language code English
082 ## - DDC | ডিউই
Classification number | বর্গসংখ্যা 303.4
Book Number | গ্রন্থাঙ্ক JEN
100 ## - MAIN ENTRY--PERSONAL NAME | মুখ্য সংলেখ - ব্যাক্তিনাম
Personal name | ব্যাক্তিনাম Jena, Debendranath
245 ## - TITLE STATEMENT | অাখ্যা বিবরণী
Title | অাখ্যা Social change
Sub title | উপঅাখ্যা themes and perspectives
Statement of responsibility | লেখকের দায়িত্বের বিবরণ Debendranath Jena and Umakanta Mohapatra
260 ## - IMPRINT | প্রকাশনা ক্ষেত্র
Place of publication | প্রকাশ স্থান Ludhiana
Name of publisher | প্রকাশকের নাম Kalyanu Publishers
Date of publication | প্রকাশ কাল 1993(2003 printing)
300 ## - PHYSICAL DESCRIPTION |
Page / Vol. No | পৃষ্ঠা / খন্ড সংখ্যা viii, 212 p.
504 ## - BIBLIOGRAPHY, ETC. NOTE
Bibliography, etc Includes bibliographical references
650 ## - SUBJECT ADDED ENTRY--TOPICAL TERM | বিষয় শিরোনাম - মূল বিষয়
Topical term | মূল বিষয় Sociology
650 ## - SUBJECT ADDED ENTRY--TOPICAL TERM | বিষয় শিরোনাম - মূল বিষয়
Topical term | মূল বিষয় Social Change
700 ## - ADDED ENTRY--PERSONAL NAME | অতিরিক্ত সংলেখ - ব্
Personal name | ব্যাক্তিনাম Mohapatra, Umakanta
850 ## - HOLDING INSTITUTION
Holding institution LCLIB
Sub Holdings Sociology
942 ## - ADDED ENTRY ELEMENTS (KOHA)
Koha item type Books
Holdings
Withdrawn status Lost status Source of classification Damaged status Not for loan Home library Current library Shelving location Date acquired Total Checkouts Full call number Accession No. Date last seen Date checked out Price effective from Koha item type
    Dewey Decimal Classification     Loreto College Loreto College Sociology 04/11/2013 1 303.4 JEN 43963 B6009 26/09/2019 26/09/2019 04/11/2013 Books